|
|
|
|
| LEADER |
00000nab a2200000 a 4500 |
| 001 |
vtls000791941 |
| 003 |
SK-MaSNL |
| 005 |
20260303213716.0 |
| 008 |
160318c2001 xo 0 slo |
| 015 |
|
|
|a SNBRB2002/04-14432
|
| 035 |
|
|
|a CLN000143596
|
| 040 |
|
|
|a SNKBUCL
|b slo
|c SNKBUCL
|e AACR2
|
| 041 |
0 |
|
|a slo
|
| 044 |
|
|
|a xo
|c SK
|
| 080 |
|
|
|a 82.033:840-3:830-2
|2 UDC-MRF-SK2
|
| 080 |
|
|
|a 840-3.033
|2 UDC-MRF-SK2
|
| 080 |
|
|
|a 830-2.033
|2 UDC-MRF-SK2
|
| 100 |
1 |
|
|a Bžoch, Adam,
|d 1966-
|4 aut
|9 97719
|
| 245 |
1 |
0 |
|a Laclos, Müller, pornológia a čierna pedagogika
|c Adam Bžoch
|
| 300 |
|
|
|b Fotogr.
|
| 600 |
1 |
7 |
|a Laclos, Choderlos de,
|d 1741-1803
|t Nebezpečné známosti
|2 snkbucl
|9 1247924
|
| 600 |
1 |
7 |
|a Müller, Heiner,
|d 1929-1995
|t Kvarteto
|2 snkbucl
|9 1226890
|
| 650 |
0 |
7 |
|a divadelné adaptácie
|2 SNKPH
|9 115192
|
| 655 |
|
7 |
|a články z novín a časopisov
|2 snkbucl
|9 267496
|
| 773 |
0 |
|
|x 1335-9355
|t Divadlo v medzičase
|g Roč. 6, č. 1 (2001), s. 21
|
| 850 |
|
|
|a Slovenská národná knižnica v Martine
|
| 852 |
|
|
|a SNK
|b KIS3GCP
|
| 958 |
|
|
|a LX
|
| 958 |
|
|
|a DE
|
| 958 |
|
|
|a FR
|
| 999 |
|
|
|c 2213521
|d 2215451
|